[Event "Julius Baer Rapid Div 1 W"]
[Site "chess.com INT"]
[Date "2023.08.30"]
[Round "1.1"]
[White "Carlsen, Magnus"]
[Black "Tabatabaei, M. Amin"]
[Result "1/2-1/2"]
[WhiteTitle "GM"]
[BlackTitle "GM"]
[WhiteElo "2835"]
[BlackElo "2696"]
[WhiteFideId "1503014"]
[BlackFideId "12521213"]
[EventDate "2023.08.30"]
[EventType "k.o."]

1. e4 e5 2. Nf3 Nc6 3. Bb5 a6 4. Ba4 Nf6 5. O-O Nxe4 6. d4 b5 7. Bb3 d5 8. dxe5
Be6 9. Be3 Be7 10. c3 O-O 11. Nbd2 Bg4 12. h3 Nxd2 13. hxg4 Nxf1 14. Qxf1 Na5
15. Bc2 Nc4 16. Bf4 f6 17. e6 Bd6 18. g3 g6 19. Re1 Qe7 20. Bh6 Ne5 21. Nh2 Qxe6
22. f4 Rf7 23. fxe5 fxe5 24. Qe2 e4 25. Kg2 Qe5 26. Qe3 Re8 27. Bf4 Rxf4 28.
gxf4 Qxf4 29. Qxf4 Bxf4 30. Nf1 Kg7 31. Ng3 Kf6 32. Ne2 Bd6 33. Rf1+ Kg5 34. Bb3
c6 35. Nd4 c5 36. Ne2 c4 37. Bd1 Rf8 38. Rxf8 Bxf8 39. Nd4 Bd6 40. a4 b4 41. b3
bxc3 42. bxc4 dxc4 43. Nc2 Kf4 44. Be2 a5 45. Kh3 Bc5 46. Kg2 h6 47. Kf1 Kg3 48.
Ke1 Bf2+ 49. Kd1 Bc5 50. Kc1 Kf2 51. Bxc4 e3 52. Kd1 h5 53. gxh5 gxh5 54. Ne1
Bd4 55. Nd3+ Kg3 56. Ke2 h4 57. Ne1 Bc5 58. Nc2 Kf4 59. Bd5 h3 60. Kd3 h2 61.
Bh1 Bb6 62. Ne1 Kg3 63. Ke2 Bc5 64. Ba8 Ba7 65. Nc2 Kf4 66. Bc6 Bc5 67. Kd3 Ba7
68. Bb7 Bb6 69. Na3 Bc5 70. Nc2 Ba7 71. Bh1 Bb6 72. Ke2 Bc5 73. Ne1 Kg3 74. Kf1
Ba7 75. Nc2 Bc5 76. Ke1 Ba7 77. Ke2 Kf4 78. Ne1 Kg3 79. Nc2 Kf4 80. Ne1 Kg3 81.
Nc2 1/2-1/2

[Event "Julius Baer Rapid Div 1 W"]
[Site "chess.com INT"]
[Date "2023.08.30"]
[Round "1.1"]
[White "Lazavik, Denis"]
[Black "Caruana, Fabiano"]
[Result "1/2-1/2"]
[WhiteTitle "GM"]
[BlackTitle "GM"]
[WhiteElo "2560"]
[BlackElo "2782"]
[WhiteFideId "13515110"]
[BlackFideId "2020009"]
[EventDate "2023.08.30"]
[EventType "k.o."]

1. d4 Nf6 2. c4 e6 3. Nf3 d5 4. g3 Be7 5. Bg2 O-O 6. O-O dxc4 7. Qc2 a6 8. a4
Bd7 9. Qxc4 Bc6 10. Bg5 Nbd7 11. Nc3 h6 12. Bxf6 Nxf6 13. Rfd1 Qd6 14. e3 Rfd8
15. a5 Nd5 16. Ne4 Qb4 17. Qc2 Rac8 18. Ne5 Bb5 19. Nd3 Qc4 20. Nc3 Bd6 21. Rac1
Nxc3 22. Qxc3 Qxc3 23. bxc3 Bxd3 24. Rxd3 Rb8 25. Ra1 b5 26. axb6 Rxb6 27. Rd2
Rdb8 28. Rda2 Rb1+ 29. Bf1 Rxa1 30. Rxa1 Rb3 31. Rxa6 Rxc3 32. Ra8+ Kh7 33. Rd8
g6 34. Rb8 1/2-1/2

[Event "Julius Baer Rapid Div 1 W"]
[Site "chess.com INT"]
[Date "2023.08.30"]
[Round "1.1"]
[White "So, Wesley"]
[Black "Eljanov, Pavel"]
[Result "1-0"]
[WhiteTitle "GM"]
[BlackTitle "GM"]
[WhiteElo "2769"]
[BlackElo "2695"]
[WhiteFideId "5202213"]
[BlackFideId "14102951"]
[EventDate "2023.08.30"]
[EventType "k.o."]

1. e4 e5 2. Nf3 Nc6 3. Bc4 Bc5 4. O-O Nf6 5. d3 O-O 6. a4 a5 7. Nc3 h6 8. Be3
Bxe3 9. fxe3 d6 10. d4 exd4 11. exd4 Nxe4 12. Nxe4 d5 13. Bd3 dxe4 14. Bxe4 Qd6
15. c3 Bd7 16. Qb3 Rae8 17. Rae1 b6 18. Nd2 h5 19. Nc4 Qh6 20. d5 Na7 21. d6 Qg5
22. dxc7 Qc5+ 23. Kh1 Nc8 24. Bd3 Rxe1 25. Rxe1 Qxc7 26. Ne5 Nd6 27. Nxd7 Qxd7
28. Qxb6 Re8 29. Rf1 Re5 30. Qb8+ Re8 31. Qb6 Re5 32. b4 axb4 33. cxb4 Nc8 34.
Qa6 Ne7 35. Qa8+ Nc8 36. Ba6 1-0

[Event "Julius Baer Rapid Div 1 W"]
[Site "chess.com INT"]
[Date "2023.08.30"]
[Round "1.1"]
[White "Abdusattorov, Nodirbek"]
[Black "Firouzja, Alireza"]
[Result "0-1"]
[WhiteTitle "GM"]
[BlackTitle "GM"]
[WhiteElo "2725"]
[BlackElo "2777"]
[WhiteFideId "14204118"]
[BlackFideId "12573981"]
[EventDate "2023.08.30"]
[EventType "k.o."]

1. d4 Nf6 2. c4 e6 3. Nf3 d5 4. Nc3 Be7 5. Bf4 O-O 6. e3 b6 7. cxd5 Nxd5 8. Nxd5
Qxd5 9. a3 Bd6 10. Bg3 Nd7 11. Bd3 Nf6 12. O-O Bxg3 13. hxg3 c5 14. dxc5 Qxc5
15. Rc1 Qe7 16. Qc2 Rd8 17. Ne5 Bd7 18. Qc7 Nd5 19. Qb7 Be8 20. Qxe7 Nxe7 21.
Ba6 Rd2 22. Rfd1 Rxb2 23. Bb7 Rb8 24. Rc7 Ng6 25. Nf3 Ra2 26. Bc8 h6 27. Rd8 Kf8
28. Nd4 Ne7 29. Nb5 Rxc8 30. Rcxc8 Nxc8 31. Rxc8 Ke7 32. Nxa7 Rxa3 33. Nc6+ Kd7
34. Rd8+ Kxc6 35. Rxe8 Ra1+ 36. Kh2 Ra7 37. g4 b5 38. Rb8 Rb7 39. Rc8+ Kd5 40.
Rd8+ Kc4 41. Rc8+ Kd3 42. Kg3 b4 43. Kf3 b3 44. Rd8+ Kc2 45. Rc8+ Kd2 46. Rd8+
Ke1 0-1

[Event "Julius Baer Rapid Div 1 W"]
[Site "chess.com INT"]
[Date "2023.08.30"]
[Round "1.2"]
[White "Tabatabaei, M. Amin"]
[Black "Carlsen, Magnus"]
[Result "0-1"]
[WhiteTitle "GM"]
[BlackTitle "GM"]
[WhiteElo "2696"]
[BlackElo "2835"]
[WhiteFideId "12521213"]
[BlackFideId "1503014"]
[EventDate "2023.08.30"]
[EventType "k.o."]

1. c4 g6 2. Nc3 c5 3. g3 Bg7 4. Bg2 Nc6 5. d3 Nh6 6. h4 b6 7. h5 Bb7 8. Bf4 Nf5
9. h6 Bxc3+ 10. bxc3 f6 11. e4 Nd6 12. Bxd6 exd6 13. Nh3 Ne5 14. Nf4 Qe7 15. O-O
O-O 16. Re1 Rae8 17. a4 Qd8 18. a5 bxa5 19. d4 Nf7 20. Qa4 Nxh6 21. Qxa5 Qxa5
22. Rxa5 a6 23. Nd5 Kg7 24. Rb1 Rb8 25. dxc5 dxc5 26. Rxc5 Nf7 27. f4 Nd6 28.
Rc7 Bc6 29. Rxb8 Rxb8 30. Nxf6 Rb1+ 31. Kh2 Rb7 32. Rxb7 Nxb7 33. e5 a5 34. Nd5
a4 35. Nb4 a3 36. Bxc6 dxc6 37. Kg2 Nc5 38. Kf3 h5 39. Ke3 Kf7 40. Na2 Ne6 41.
Ke4 Ng7 42. c5 g5 43. fxg5 Kg6 44. Kd4 Nf5+ 45. Kc4 Nxg3 46. Nb4 h4 47. Kb3 h3
48. Nd3 h2 49. Nf2 Ne4 50. Nh1 Kxg5 51. Kxa3 Kf5 52. Kb4 Kxe5 53. Ka5 Nxc5 54.
Kb6 Kd6 55. Nf2 Na4+ 56. Ka5 Nxc3 57. Kb4 Ne2 58. Nh1 Kd5 59. Kb3 Ke4 60. Kc2
Kf3 61. Kd2 Ng3 0-1

[Event "Julius Baer Rapid Div 1 W"]
[Site "chess.com INT"]
[Date "2023.08.30"]
[Round "1.2"]
[White "Caruana, Fabiano"]
[Black "Lazavik, Denis"]
[Result "1/2-1/2"]
[WhiteTitle "GM"]
[BlackTitle "GM"]
[WhiteElo "2782"]
[BlackElo "2560"]
[WhiteFideId "2020009"]
[BlackFideId "13515110"]
[EventDate "2023.08.30"]
[EventType "k.o."]

1. e4 e5 2. Nf3 Nc6 3. Bb5 Nf6 4. d3 Bc5 5. Bxc6 dxc6 6. Nbd2 Be6 7. Qe2 Nd7 8.
Nb3 Bb6 9. Ng5 Bxb3 10. axb3 f6 11. Nf3 Nf8 12. O-O Ne6 13. Nd2 Qd7 14. Nc4 a6
15. b4 O-O-O 16. Nxb6+ cxb6 17. Be3 Qc7 18. c3 Rd6 19. Rfd1 Rhd8 20. g3 Kb8 21.
Qc2 c5 22. bxc5 bxc5 23. Qb3 Qc6 24. Qc4 Qb5 25. Qxb5 axb5 26. Ra5 Kc7 27. Rxb5
Kc6 28. Ra5 Rxd3 29. Rda1 Rd1+ 30. Kg2 Rxa1 31. Rxa1 g6 32. Kf3 Kb5 33. Ra7 Rd7
34. b3 Kb6 35. Ra1 Rd3 36. Rc1 Rd8 37. h4 h5 38. g4 hxg4+ 39. Kxg4 Rh8 40. Rg1
Kc6 41. Kf3 Nf8 42. Kg3 b6 43. b4 Ne6 44. bxc5 Nxc5 45. f3 Ne6 46. Kf2 Nf8 47.
Rh1 Rh7 48. Ke2 Ra7 49. h5 gxh5 50. Rxh5 Nd7 51. Rh7 Ra2+ 52. Kd3 Kd6 53. Rh8
Ra1 54. Rd8 Ke6 55. Rc8 Kd6 56. Rd8 Ke6 57. Rc8 Kd6 58. Rd8 1/2-1/2

[Event "Julius Baer Rapid Div 1 W"]
[Site "chess.com INT"]
[Date "2023.08.30"]
[Round "1.2"]
[White "Eljanov, Pavel"]
[Black "So, Wesley"]
[Result "0-1"]
[WhiteTitle "GM"]
[BlackTitle "GM"]
[WhiteElo "2695"]
[BlackElo "2769"]
[WhiteFideId "14102951"]
[BlackFideId "5202213"]
[EventDate "2023.08.30"]
[EventType "k.o."]

1. Nf3 c5 2. g3 d5 3. Bg2 Nc6 4. O-O Nf6 5. d3 g6 6. c4 Bg7 7. Nc3 O-O 8. Bf4 d4
9. Na4 Nd7 10. a3 e5 11. Bd2 Rb8 12. Ng5 Qc7 13. b4 b6 14. Rb1 h6 15. Nf3 Bb7
16. e4 Ne7 17. Qe2 f5 18. Ne1 Ba8 19. h4 Nf6 20. h5 Qd7 21. Nb2 Nxh5 22. exf5
Nxf5 23. Bxa8 Rxa8 24. g4 Nfg3 25. fxg3 Nxg3 26. Rxf8+ Rxf8 27. Qg2 Qxg4 28. Nc2
e4 0-1

[Event "Julius Baer Rapid Div 1 W"]
[Site "chess.com INT"]
[Date "2023.08.30"]
[Round "1.2"]
[White "Firouzja, Alireza"]
[Black "Abdusattorov, Nodirbek"]
[Result "1-0"]
[WhiteTitle "GM"]
[BlackTitle "GM"]
[WhiteElo "2777"]
[BlackElo "2725"]
[WhiteFideId "12573981"]
[BlackFideId "14204118"]
[EventDate "2023.08.30"]
[EventType "k.o."]

1. d4 d5 2. c4 e6 3. g3 Nf6 4. Bg2 c5 5. cxd5 Nxd5 6. Nf3 cxd4 7. Nxd4 Bc5 8.
O-O O-O 9. Nc3 Nxc3 10. bxc3 e5 11. Nb3 Bd6 12. Bg5 Qc7 13. Qd2 Nc6 14. Rfd1 Ba3
15. c4 Be6 16. Bd5 a5 17. Bxe6 fxe6 18. Qd7 Qxd7 19. Rxd7 Rf7 20. Rad1 a4 21.
Rxf7 Kxf7 22. Nd2 Bb2 23. Ne4 a3 24. Rd7+ Kg6 25. g4 h6 26. Bd2 Ra4 27. Nd6 e4
28. Rxb7 Ne5 29. Rb4 e3 30. fxe3 Ra6 31. c5 Rc6 32. Nb7 Rc7 33. h3 h5 34. gxh5+
Kxh5 35. Be1 g5 36. Bg3 Rd7 37. Nd6 Nc6 38. Rb6 Ne7 39. c6 Rc7 40. Rb7 Rxc6 41.
Rxe7 Rc2 42. Rxe6 Ba1 43. Nf5 Rxa2 44. Rh6# 1-0

[Event "Julius Baer Rapid Div 1 W"]
[Site "chess.com INT"]
[Date "2023.08.30"]
[Round "1.3"]
[White "Carlsen, Magnus"]
[Black "Tabatabaei, M. Amin"]
[Result "1-0"]
[WhiteTitle "GM"]
[BlackTitle "GM"]
[WhiteElo "2835"]
[BlackElo "2696"]
[WhiteFideId "1503014"]
[BlackFideId "12521213"]
[EventDate "2023.08.30"]
[EventType "k.o."]

1. e4 e5 2. Nf3 Nc6 3. Bb5 a6 4. Ba4 Nf6 5. d3 Bc5 6. c3 b5 7. Bb3 d6 8. Bg5 h6
9. Bh4 Bb6 10. Nbd2 g5 11. Bg3 Qe7 12. a4 Rb8 13. axb5 axb5 14. Nf1 Be6 15. Ne3
Bxe3 16. fxe3 O-O 17. O-O Ra8 18. Rxa8 Rxa8 19. Nh4 Bg4 20. Qe1 Na5 21. Bd1 Bxd1
22. Nf5 Qe6 23. Qxd1 Kh7 24. h4 Rg8 25. hxg5 Rxg5 26. Bh4 Rg6 27. b4 Nc6 28. Qf3
Ng8 29. d4 exd4 30. exd4 Qc4 31. Ng3 f6 32. Nh5 Qf7 33. e5 Nce7 34. e6 Qxe6 35.
Nf4 Qf7 36. Nxg6 Kxg6 37. Qd3+ Kg7 38. Qxb5 Ng6 39. Qh5 Qc4 40. Rf3 Qe2 41. Kh2
Qe4 42. Bf2 N8e7 43. Re3 Qf4+ 44. Kg1 c6 45. c4 d5 46. c5 Nf5 47. Rf3 Qc1+ 48.
Kh2 Nfe7 49. Be3 1-0

[Event "Julius Baer Rapid Div 1 W"]
[Site "chess.com INT"]
[Date "2023.08.30"]
[Round "1.3"]
[White "Lazavik, Denis"]
[Black "Caruana, Fabiano"]
[Result "1-0"]
[WhiteTitle "GM"]
[BlackTitle "GM"]
[WhiteElo "2560"]
[BlackElo "2782"]
[WhiteFideId "13515110"]
[BlackFideId "2020009"]
[EventDate "2023.08.30"]
[EventType "k.o."]

1. d4 Nf6 2. c4 e6 3. Nf3 d5 4. g3 Be7 5. Bg2 O-O 6. O-O a5 7. Qc2 Nc6 8. a3
dxc4 9. Qxc4 a4 10. Bg5 h6 11. Bxf6 Bxf6 12. Rd1 Bd7 13. Qc2 Na5 14. Nbd2 Rc8
15. Rac1 Bb5 16. Ne4 Nb3 17. Rb1 c5 18. dxc5 Qe7 19. e3 b6 20. Nd4 Bxd4 21. exd4
bxc5 22. Nxc5 Rfd8 23. Qe4 Nxd4 24. Rxd4 Qxc5 25. Rdd1 e5 26. h4 Rd4 27. Qe3 Qd6
28. Re1 Re8 29. Rbc1 Bc4 30. Rc3 e4 31. Rec1 Be6 32. Rc6 Qd8 33. R6c5 Bg4 34.
Bf1 Qf6 35. Rc6 Rd6 36. Rxd6 Qxd6 37. Rc4 Bf3 38. Bg2 Qd1+ 39. Kh2 Rb8 40. Rd4
Qb3 41. Qxb3 Rxb3 42. Bxf3 exf3 43. g4 Rxb2 44. Kg3 Rb3 45. Rxa4 g5 46. Ra5 f6
47. Ra7 Rc3 48. a4 Ra3 49. a5 Kf8 50. Rh7 Rxa5 51. Rxh6 Kg7 52. hxg5 Rxg5 53.
Rh4 Ra5 54. Kxf3 Ra3+ 55. Kf4 Ra4+ 56. Kg3 Kg6 57. Rh5 Ra3+ 58. f3 Ra1 59. Rb5
Rg1+ 60. Kf4 Ra1 61. Rb3 Ra4+ 62. Kg3 Ra1 63. f4 Rg1+ 64. Kh4 Rh1+ 65. Rh3 Ra1
66. f5+ Kg7 67. Re3 Rh1+ 68. Kg3 Ra1 69. Re7+ Kh6 70. Rf7 Ra3+ 71. Kh4 Ra6 72.
Re7 Ra1 73. Re8 Rb1 74. Rg8 Kh7 75. Rg6 Rh1+ 76. Kg3 Rh6 77. Rxh6+ Kxh6 78. Kf4
Kg7 79. Ke4 1-0

[Event "Julius Baer Rapid Div 1 W"]
[Site "chess.com INT"]
[Date "2023.08.30"]
[Round "1.3"]
[White "So, Wesley"]
[Black "Eljanov, Pavel"]
[Result "1-0"]
[WhiteTitle "GM"]
[BlackTitle "GM"]
[WhiteElo "2769"]
[BlackElo "2695"]
[WhiteFideId "5202213"]
[BlackFideId "14102951"]
[EventDate "2023.08.30"]
[EventType "k.o."]

1. Nf3 g6 2. e4 Bg7 3. d4 d6 4. Bc4 e6 5. O-O Ne7 6. Qe2 a6 7. a4 b6 8. Rd1 Bb7
9. Nbd2 Nd7 10. c3 O-O 11. Bb3 h6 12. h4 Ra7 13. Nf1 Qa8 14. Bc2 Nf6 15. Re1 c5
16. Bf4 Rd8 17. dxc5 bxc5 18. Rad1 e5 19. Bc1 Nh5 20. Bb3 Bc6 21. Bc4 a5 22. Qc2
Nc8 23. Bb5 Nb6 24. c4 Bb7 25. Ng3 Nxg3 26. fxg3 Bc8 27. Rd3 Be6 28. b3 Nc8 29.
Qd1 Qb8 30. Bb2 Rf8 31. Bc3 f5 32. Nd2 Qc7 33. Nf1 f4 34. Nh2 Qe7 35. gxf4 Qxh4
36. fxe5 Raf7 37. Nf3 Qg3 38. Ree3 Bg4 39. Qe1 Qxe1+ 40. Bxe1 Bxf3 41. Rxf3 Bxe5
42. Bxa5 Ne7 43. Bc7 Nc6 44. Rxf7 Rxf7 45. Bxd6 Bd4+ 46. Kh2 Ne5 47. Bxe5 Bxe5+
48. g3 Rf2+ 49. Kg1 Ra2 50. g4 Bd4+ 51. Kh1 Kf7 52. Rf3+ Ke6 53. Be8 Ra1+ 54.
Kg2 Ra2+ 55. Kh1 Be5 56. Bxg6 1-0

[Event "Julius Baer Rapid Div 1 W"]
[Site "chess.com INT"]
[Date "2023.08.30"]
[Round "1.3"]
[White "Abdusattorov, Nodirbek"]
[Black "Firouzja, Alireza"]
[Result "0-1"]
[WhiteTitle "GM"]
[BlackTitle "GM"]
[WhiteElo "2725"]
[BlackElo "2777"]
[WhiteFideId "14204118"]
[BlackFideId "12573981"]
[EventDate "2023.08.30"]
[EventType "k.o."]

1. d4 Nf6 2. c4 e6 3. Nf3 d5 4. Nc3 c5 5. cxd5 cxd4 6. Nxd4 Nxd5 7. Bd2 Bc5 8.
Nb3 Be7 9. g3 O-O 10. Bg2 Nb6 11. Na5 Bb4 12. Ne4 Bxa5 13. Bxa5 Nc6 14. Bc3 Nd5
15. O-O b6 16. Qa4 Bb7 17. Qa3 a5 18. Nd6 Ba6 19. Bxd5 exd5 20. Rfd1 Ne7 21. e4
Qd7 22. Bd4 dxe4 23. Nxe4 Rfd8 24. Qf3 Qc6 25. Rac1 Qg6 26. h4 h6 27. h5 Qe6 28.
Re1 Qf5 29. Qxf5 Nxf5 30. Bxb6 Rdb8 31. Bxa5 Rxb2 32. Ra1 Nd4 33. Reb1 Rxb1+ 34.
Rxb1 Bd3 35. Rd1 Nf3+ 0-1

[Event "Julius Baer Rapid Div 1 W"]
[Site "chess.com INT"]
[Date "2023.08.30"]
[Round "1.4"]
[White "Caruana, Fabiano"]
[Black "Lazavik, Denis"]
[Result "1-0"]
[WhiteTitle "GM"]
[BlackTitle "GM"]
[WhiteElo "2782"]
[BlackElo "2560"]
[WhiteFideId "2020009"]
[BlackFideId "13515110"]
[EventDate "2023.08.30"]
[EventType "k.o."]

1. e4 e5 2. Nf3 Nc6 3. Bb5 Nf6 4. d3 Bc5 5. Bxc6 dxc6 6. O-O Nd7 7. Nbd2 b6 8.
Nc4 f6 9. Kh1 a5 10. Nh4 g6 11. Bh6 Ba6 12. Nd2 Qe7 13. a3 Bd6 14. g3 O-O-O 15.
Qe2 Kb7 16. Be3 Qe6 17. Rfb1 f5 18. b4 axb4 19. axb4 f4 20. gxf4 exf4 21. Bd4
Rhf8 22. Nhf3 Qe7 23. Bc3 g5 24. e5 g4 25. Ne4 Bc5 26. Nfd2 f3 27. Qe1 Bxf2 28.
Qxf2 Nxe5 29. Re1 Rd5 30. d4 g3 31. Qxg3 Bb5 32. dxe5 f2 33. Nxf2 c5 34. bxc5
Bc6 35. Nde4 Qe6 36. cxb6 Rg8 37. Ra7+ Kb8 38. Qe3 Qg6 39. bxc7+ Kc8 40. Qh3+
Rd7 41. e6 Re7 42. Ra6 Bb7 43. Rb6 Kxc7 44. Rxb7+ Kxb7 45. Qf3 1-0

[Event "Julius Baer Rapid Div 1 W"]
[Site "chess.com INT"]
[Date "2023.08.30"]
[Round "1.5"]
[White "Caruana, Fabiano"]
[Black "Lazavik, Denis"]
[Result "1-0"]
[WhiteTitle "GM"]
[BlackTitle "GM"]
[WhiteElo "2782"]
[BlackElo "2560"]
[WhiteFideId "2020009"]
[BlackFideId "13515110"]
[EventDate "2023.08.30"]
[EventType "k.o."]

1. e4 e5 2. Nf3 Nc6 3. Bb5 Nf6 4. d3 Bc5 5. Bxc6 dxc6 6. Nbd2 Be6 7. O-O Qd6 8.
b3 a5 9. Bb2 Nd7 10. Ng5 a4 11. Ndf3 f6 12. Nxe6 Qxe6 13. Nh4 O-O 14. Nf5 g6 15.
Ng3 Qe7 16. Qg4 Kh8 17. h4 Bd6 18. h5 Qf7 19. hxg6 hxg6 20. Ne2 axb3 21. axb3
Rxa1 22. Rxa1 Kg7 23. Ra7 b6 24. d4 Re8 25. c4 Kg8 26. Ng3 Kh7 27. d5 cxd5 28.
cxd5 Nc5 29. Qf3 Kg7 30. b4 Nd7 31. Qg4 Kf8 32. Bc1 Ke7 33. Be3 Rh8 34. Ne2 Rh5
35. Ng3 Rh8 36. b5 Rg8 37. Bc1 Rb8 38. Qh3 Rf8 39. Be3 Rg8 40. Nf1 Kd8 41. Nd2
Ke7 42. Nc4 Rd8 43. Nxb6 cxb6 44. Bxb6 Bb8 45. Bxd8+ Kxd8 46. Qh8+ Qe8 47. Qxe8+
Kxe8 48. Ra6 Kd8 49. g3 Bc7 50. Rc6 Bb6 51. Kg2 Bd4 52. Kf3 Ke7 53. Ke2 Bb6 54.
f3 Bd4 55. Kd3 Nb6 56. f4 Nd7 57. Kc4 Bf2 58. Re6+ Kf7 59. fxe5 Nxe5+ 60. Kc3
Bxg3 61. b6 Nd7 62. b7 Nc5 63. e5 Nd7 64. exf6 Nxf6 65. d6 Kxe6 66. b8=Q Bxd6
67. Qb7 Be5+ 68. Kd3 Nd7 69. Qc8 Kd6 70. Qg8 Bf6 71. Ke4 Nc5+ 72. Kf3 Nd7 73.
Ke4 Nc5+ 74. Kf4 Ne6+ 75. Kg4 Nd4 76. Qxg6 Ke7 77. Qe4+ Kf7 78. Kh5 Ne6 79. Qc4
Be5 80. Kg4 Kf6 81. Qd5 Nd4 82. Qd8+ Ke6 83. Kg5 Nf3+ 84. Kg6 Nd4 85. Qc8+ Kd5
86. Kf7 Ke4 87. Qb7+ Kf4 88. Kg6 Ke3 89. Qd5 Kf4 90. Kh5 Nf3 91. Qc4+ Nd4 92.
Kh4 Ke4 93. Kg4 Bf6 94. Qa6 Be5 95. Qf1 Kd5 96. Kg5 Ne6+ 97. Kf5 Nd4+ 98. Kg4
Ke4 99. Qg2+ Kd3 100. Kg5 Kc4 101. Qe4 Bd6 102. Kg4 Bc5 103. Qe8 Kd5 104. Qg8+
Ke4 105. Qg6+ Kd5 106. Qh5+ Kc4 107. Kf4 Nb3 108. Ke4 Nd2+ 109. Kf4 Nb3 110.
Qe2+ Kb4 111. Ke4 Nd4 112. Qb2+ Nb3 113. Kd3 Ka4 114. Kc4 Na5+ 115. Kxc5 Nb3+
116. Kc4 Na5+ 117. Kd5 Nb3 118. Qc3 Na5 119. Qa1+ Kb5 120. Ke4 1-0

[Event "Julius Baer Rapid Div 1 W"]
[Site "chess.com INT"]
[Date "2023.08.31"]
[Round "2.1"]
[White "Carlsen, Magnus"]
[Black "Caruana, Fabiano"]
[Result "1-0"]
[WhiteTitle "GM"]
[BlackTitle "GM"]
[WhiteElo "2835"]
[BlackElo "2782"]
[WhiteFideId "1503014"]
[BlackFideId "2020009"]
[EventDate "2023.08.30"]
[EventType "k.o."]

1. e4 e5 2. Nf3 Nc6 3. Bb5 a6 4. Ba4 Nf6 5. O-O b5 6. Bb3 Bc5 7. c3 d6 8. d4 Bb6
9. Be3 O-O 10. Nbd2 Re8 11. Re1 h6 12. h3 exd4 13. cxd4 Nb4 14. Qe2 c5 15. a3 c4
16. axb4 cxb3 17. d5 Bxe3 18. Qxe3 Nxd5 19. Qd4 Nf4 20. Nxb3 Be6 21. Na5 Qd7 22.
Qe3 g5 23. Nd4 f5 24. Qg3 fxe4 25. Rxe4 Qf7 26. Nb7 Qxb7 27. Rxf4 Qg7 28. Re4
Bxh3 29. Qb3+ Kh8 30. Rxe8+ Rxe8 31. Qxh3 Qxd4 32. Qxh6+ Kg8 33. Qxg5+ Kf8 34.
g3 Re2 35. Qf5+ Ke7 36. Rxa6 Re1+ 37. Kg2 Qe4+ 38. Qxe4+ Rxe4 39. Ra3 Rxb4 40.
Re3+ Kf6 41. b3 Rd4 42. f4 Rd1 43. Kf3 d5 44. b4 Rb1 45. Re5 Rxb4 46. Rxd5 Rb1
47. Rd6+ Ke7 48. Rb6 b4 49. Kg4 Kd7 50. Kf5 Kc7 51. Re6 b3 52. Re3 Kd6 53. g4
Kd5 54. g5 Kd4 55. Rg3 Kc4 56. g6 Ra1 57. g7 Ra5+ 58. Ke4 1-0

[Event "Julius Baer Rapid Div 1 W"]
[Site "chess.com INT"]
[Date "2023.08.31"]
[Round "2.1"]
[White "So, Wesley"]
[Black "Firouzja, Alireza"]
[Result "1/2-1/2"]
[WhiteTitle "GM"]
[BlackTitle "GM"]
[WhiteElo "2769"]
[BlackElo "2777"]
[WhiteFideId "5202213"]
[BlackFideId "12573981"]
[EventDate "2023.08.30"]
[EventType "k.o."]

1. Nf3 Nf6 2. c4 g6 3. Nc3 Bg7 4. e4 d6 5. d4 O-O 6. Be2 e5 7. O-O Na6 8. Be3
Qe7 9. d5 Ng4 10. Bg5 f6 11. Bh4 g5 12. Bg3 f5 13. exf5 Bxf5 14. h3 Nh6 15. Nd2
e4 16. Re1 e3 17. Bh5 exf2+ 18. Bxf2 Qd7 19. g4 Bg6 20. Bxg6 hxg6 21. Nce4 Rae8
22. Bg3 Bxb2 23. Rb1 Be5 24. Bxe5 Rxe5 25. Rf1 Rxf1+ 26. Qxf1 Qe7 27. Qd3 b6 28.
Rf1 Nf7 29. a3 Kh7 30. Qf3 Nh6 31. Qf8 Rxe4 32. Nxe4 Qxe4 33. Rf7+ Nxf7 34.
Qxf7+ Kh8 35. Qf8+ Kh7 36. Qf7+ Kh8 37. Qf8+ Kh7 38. Qf7+ 1/2-1/2

[Event "Julius Baer Rapid Div 1 W"]
[Site "chess.com INT"]
[Date "2023.08.31"]
[Round "2.2"]
[White "Caruana, Fabiano"]
[Black "Carlsen, Magnus"]
[Result "0-1"]
[WhiteTitle "GM"]
[BlackTitle "GM"]
[WhiteElo "2782"]
[BlackElo "2835"]
[WhiteFideId "2020009"]
[BlackFideId "1503014"]
[EventDate "2023.08.30"]
[EventType "k.o."]

1. c4 g6 2. e4 Nf6 3. e5 Nh5 4. d4 d6 5. f4 Bh6 6. g3 dxe5 7. dxe5 Qxd1+ 8. Kxd1
Nc6 9. Bd2 Bf5 10. Bg2 O-O-O 11. Ke1 Nd4 12. Na3 f6 13. Nf3 Be4 14. Rf1 Bxf3 15.
Bxf3 fxe5 16. Bxh5 gxh5 17. Rd1 Rhf8 18. Bc3 Rf5 19. Rf2 h4 20. fxe5 Rxe5+ 21.
Kf1 Be3 22. Rf7 hxg3 23. hxg3 Rf5+ 24. Rxf5 Nxf5 25. Rxd8+ Kxd8 26. Ke2 Bd4 27.
Bxd4 Nxd4+ 28. Ke3 Nc6 29. Nb5 Kd7 30. Nc3 Ke6 31. Nb5 Kf5 32. Nxc7 Kg4 33. Kf2
Nb4 34. b3 Nxa2 35. Nd5 a5 36. Ne3+ Kh3 37. Nf1 Nc1 38. Nd2 Kg4 39. Kg2 h5 40.
Kf2 e5 41. Kg2 e4 42. Kf2 e3+ 43. Kxe3 Kxg3 44. Ne4+ Kg2 45. Kd2 Nxb3+ 46. Kc3
h4 0-1

[Event "Julius Baer Rapid Div 1 W"]
[Site "chess.com INT"]
[Date "2023.08.31"]
[Round "2.2"]
[White "Firouzja, Alireza"]
[Black "So, Wesley"]
[Result "1/2-1/2"]
[WhiteTitle "GM"]
[BlackTitle "GM"]
[WhiteElo "2777"]
[BlackElo "2769"]
[WhiteFideId "12573981"]
[BlackFideId "5202213"]
[EventDate "2023.08.30"]
[EventType "k.o."]

1. e4 e5 2. Nf3 Nf6 3. d4 Nxe4 4. dxe5 d5 5. Nbd2 Nxd2 6. Bxd2 Be7 7. Bd3 c5 8.
c3 Nc6 9. O-O Bg4 10. Re1 Qd7 11. h3 Bh5 12. Bf4 Qe6 13. Be2 O-O 14. Bg3 Bg6 15.
Qa4 a6 16. Nh4 b5 17. Qf4 Bxh4 18. Bxh4 Qxe5 19. Qxe5 Nxe5 20. Rad1 Rfe8 21. f4
Nc4 22. Rxd5 f6 23. b3 Ne3 24. Rd2 Rad8 25. Rxd8 Rxd8 26. Bf2 Nd5 27. Rd1 Re8
28. Bxb5 axb5 29. Rxd5 Ra8 30. Rxc5 Be8 31. f5 h5 32. g4 hxg4 33. hxg4 Rxa2 34.
Rc8 Kf7 35. Rc7+ Kg8 36. Rc8 Kf7 37. Kf1 Bd7 38. Rc7 Ke8 39. Bd4 Kd8 40. Ra7
Rxa7 41. Bxa7 Ke8 42. Kf2 Kf7 43. Ke3 g6 44. fxg6+ Kxg6 45. Kf4 Be6 46. c4 bxc4
47. bxc4 Bxc4 48. Bd4 Be6 49. Bxf6 Bxg4 1/2-1/2

[Event "Julius Baer Rapid Div 1 W"]
[Site "chess.com INT"]
[Date "2023.08.31"]
[Round "2.3"]
[White "Carlsen, Magnus"]
[Black "Caruana, Fabiano"]
[Result "0-1"]
[WhiteTitle "GM"]
[BlackTitle "GM"]
[WhiteElo "2835"]
[BlackElo "2782"]
[WhiteFideId "1503014"]
[BlackFideId "2020009"]
[EventDate "2023.08.30"]
[EventType "k.o."]

1. e4 c5 2. c3 Nf6 3. e5 Nd5 4. Nf3 e6 5. Bc4 Nb6 6. Bb3 c4 7. Bc2 d6 8. exd6
Bxd6 9. O-O Nc6 10. d4 cxd3 11. Qxd3 Qc7 12. Rd1 Be7 13. Na3 a6 14. Nc4 Nd5 15.
a4 b6 16. Qe4 Bb7 17. Qg4 g6 18. Qg3 Qxg3 19. hxg3 b5 20. axb5 axb5 21. Rxa8+
Bxa8 22. Nce5 Nxe5 23. Nxe5 f6 24. Nf3 Kf7 25. Nd4 Rb8 26. Bb3 Bc5 27. Be3 Nxe3
28. fxe3 Ke7 29. Nxe6 Bxe3+ 30. Kf1 b4 31. Rd3 Bc1 32. cxb4 Bxb2 33. Nc7 Be4 34.
Nd5+ Kf8 35. Re3 f5 36. g4 Bd4 37. Rh3 Kg7 38. gxf5 Bxf5 39. Rh4 Be5 40. Ke2 Re8
41. Kf2 h5 42. Rc4 Bd3 43. Rc1 h4 44. Kf3 Bg3 45. Kg4 Be2+ 46. Kh3 Re4 47. Bd1
Bxd1 48. Rxd1 g5 0-1